00337 2200145 4500001002100000005001500021035002000036245003100056100001200087300001200099260004500111082000800156084001400164990001300178INLIS00000000000235420250528110423 a0010-05250006461 aKuncup Berseri /cNH. Dini0 aNH Dini a172 hlm aJakarta :bGramedia Pustaka Utama,c2004 a813 a813 NH k a07.13403